| 000 | 00822cab a22002055a 4500 | ||
|---|---|---|---|
| 001 | L150402 | ||
| 008 | 100708e20100703xxk 000 0 eng d | ||
| 035 | _a(Sirsi) u150402 | ||
| 041 | 0 | _aeng | |
| 100 | 1 | _aMcCann, Niall | |
| 245 | 0 | 0 | _aIt's closing time |
| 260 | _c2010 | ||
| 490 |
_aEstates Gazette _v(1026) 3 July 2010, 82-84(3) |
||
| 520 | _aLeisure premises licence holders' involvency means that the licence lapses immediately and all activities must cease. It the operator carries on licensable activities without a premises license it will be liable for fines of up to £25 000. | ||
| 590 | _aKA | ||
| 650 | 2 | 4 | _aLICENSING ACT 2003 |
| 651 | 4 |
_aUnited Kingdom _y |
|
| 690 | _aPROPERTY-COMMERCIAL PROPERTY-LEISURE PROPERTY-REFRESHMENT AND CULINARY PROPERTY-LICENSED PROPERTY-LICENSED PREMISES | ||
| 942 | _n0 | ||
| 999 |
_c82496 _d82496 |
||